[Event "XXI ABERTO INTERNACIONAL DE XA"]
[Site "Pontevedra"]
[Date "2008.08.14"]
[Round "5.3"]
[White "Spassov, Liuben"]
[Black "Rodriguez Calvo, Manoel"]
[Result "1-0"]
[WhiteElo "2428"]
[BlackElo "2167"]
[PlyCount "87"]
[EventDate "2008.08.10"]

1. d4 c5 2. d5 e5 3. e4 d6 4. Bb5+ Bd7 5. a4 Be7 6. Nf3 Nf6 7. Nc3 O-O 8. Be2
h6 9. O-O Nh7 10. Nd2 Bg5 11. Nc4 Qe7 12. Rb1 Na6 13. Bg4 Bxc1 14. Rxc1 Nc7 15.
Bxd7 Qxd7 16. Qd2 Rad8 17. Rce1 Rfe8 18. b3 Nf8 19. g3 Ng6 20. f3 Kh7 21. h4
Qh3 22. Qh2 Qxh2+ 23. Kxh2 h5 24. Rb1 Re7 25. Nd1 Na6 26. c3 Rc7 27. Nde3 Kg8
28. Na3 b6 29. Nb5 Rcd7 30. a5 Ne7 31. axb6 axb6 32. Ra1 Nc7 33. Na7 Re8 34.
Nc4 b5 35. Nb6 Rdd8 36. Nc6 Nxc6 37. dxc6 Na8 38. Nd5 Rc8 39. Ra7 Kf8 40. Rfa1
f6 41. R1a6 c4 42. b4 Red8 43. Rb7 Re8 44. Raa7 1-0

[Event "XXI ABERTO INTERNACIONAL DE XA"]
[Site "Pontevedra"]
[Date "2008.08.14"]
[Round "5.4"]
[White "Ortiz Suarez, Isam"]
[Black "Stanoev, Atanas"]
[Result "1-0"]
[WhiteElo "2392"]
[BlackElo "2198"]
[PlyCount "115"]
[EventDate "2008.08.10"]

1. e4 c5 2. Nf3 d6 3. d4 cxd4 4. Nxd4 Nf6 5. Nc3 a6 6. Be3 e6 7. f3 b5 8. g4 h6
9. Qd2 Nbd7 10. O-O-O Bb7 11. h4 b4 12. Nce2 d5 13. Bh3 dxe4 14. g5 hxg5 15.
hxg5 exf3 16. Nf4 Ne4 17. Qe1 Rxh3 18. Nxh3 Qa5 19. Kb1 O-O-O 20. Nf2 Nxf2 21.
Nb3 Qb5 22. Bxf2 Bd5 23. Qe3 Bd6 24. Rc1 Qc4 25. Rh4 Qe2 26. c4 Qxe3 27. Bxe3
Ba8 28. c5 Bc7 29. c6 Nb6 30. Bxb6 Bxb6 31. c7 Re8 32. Rxb4 Bxc7 33. Nc5 Bd6
34. Nb7+ Kd7 35. Rd1 Bxb7 36. Rxb7+ Kc6 37. Rxf7 Be7 38. Rf1 Bxg5 39. Rxg7 Bf6
40. Rf7 Bd4 41. R7xf3 Rg8 42. Re1 Kd5 43. Re2 Rg6 44. Ra3 e5 45. Ra5+ Kc4 46.
Kc2 Kb4 47. Rd5 Kc4 48. Rd7 Rb6 49. b3+ Kc5 50. Kd3 Kb5 51. Rc2 Rb8 52. Rc4 a5
53. Rd6 Bb6 54. Ke4 Rg8 55. a4+ Ka6 56. Rcc6 Rg4+ 57. Kxe5 Rb4 58. Rxb6+ 1-0

[Event "XXI ABERTO INTERNACIONAL DE XA"]
[Site "Pontevedra"]
[Date "2008.08.14"]
[Round "5.5"]
[White "Maleki, Manuel"]
[Black "Permuy Lorenzo, Carlos Javier"]
[Result "1-0"]
[WhiteElo "2189"]
[BlackElo "2335"]
[PlyCount "25"]
[EventDate "2008.08.10"]

1. d4 f5 2. e4 fxe4 3. Nc3 Nf6 4. Bg5 Nc6 5. d5 Ne5 6. Qe2 Nf7 7. h4 c6 8.
O-O-O Nxd5 9. Nxd5 cxd5 10. Rxd5 Qb6 11. Qxe4 e6 12. Rd1 Qxf2 13. Qxe6+ 1-0

[Event "XXI ABERTO INTERNACIONAL DE XA"]
[Site "Pontevedra"]
[Date "2008.08.14"]
[Round "5.6"]
[White "Espineira Gonzalez, Diego"]
[Black "Santaclara Rodriguez, Ramon"]
[Result "1-0"]
[WhiteElo "2267"]
[BlackElo "2154"]
[PlyCount "85"]
[EventDate "2008.08.10"]

1. e4 c5 2. Nf3 Nc6 3. d4 cxd4 4. Nxd4 g6 5. Nc3 Bg7 6. Nde2 Nf6 7. g3 b5 8.
Bg2 Rb8 9. O-O O-O 10. h3 d6 11. Nd5 Ne5 12. c3 Nxd5 13. exd5 b4 14. cxb4 Rxb4
15. a3 Rb6 16. Ra2 Ba6 17. Be3 Rb7 18. b3 Qb8 19. b4 Bc4 $11 20. Rd2 Rc8 21.
Bd4 a5 22. bxa5 Rb5 23. f4 Nd7 24. Bxg7 Kxg7 25. Qa1+ Nf6 26. Re1 Bxe2 27.
Rdxe2 Qa7+ 28. Kh2 Rc7 29. a6 Ra5 30. g4 Kf8 31. g5 Ng8 32. Qh8 Rxa6 33. Qxh7
Rxa3 34. f5 gxf5 35. Rf1 Qd4 36. Qxf5 Qg7 37. Ref2 f6 38. gxf6 Nxf6 39. Qe6
Raa7 40. Rxf6+ exf6 41. Rxf6+ Rf7 42. Qc8+ Ke7 43. Re6# 1-0

[Event "XXI ABERTO INTERNACIONAL DE XA"]
[Site "Pontevedra"]
[Date "2008.08.14"]
[Round "5.8"]
[White "Piasetski, Leon"]
[Black "Barreiro Pineiro, Jose"]
[Result "1-0"]
[WhiteElo "2314"]
[BlackElo "1955"]
[PlyCount "48"]
[EventDate "2008.08.10"]

1. c4 f5 2. d4 g6 3. Nc3 Nf6 4. g3 Bg7 5. Bg2 O-O 6. Nf3 d6 7. O-O a5 8. Re1
Kh8 9. e4 fxe4 10. Nxe4 Nbd7 11. Neg5 Nb6 12. Qe2 Ng8 13. Ne6 Bxe6 14. Qxe6 Qc8
15. Qxc8 Raxc8 16. b3 c6 17. Bb2 Rce8 18. Re2 h6 19. Nh4 Kh7 20. Be4 Rf6 21.
Bd3 d5 22. Rae1 Ref8 23. Re6 Rxe6 24. Rxe6 Rf6 1-0

[Event "XXI ABERTO INTERNACIONAL DE XA"]
[Site "Pontevedra"]
[Date "2008.08.14"]
[Round "5.10"]
[White "Montero Garcia, Fco  Javier"]
[Black "Gil Reguera, Juan Carlos"]
[Result "1/2-1/2"]
[WhiteElo "1870"]
[BlackElo "2236"]
[PlyCount "30"]
[EventDate "2008.08.10"]

1. e4 c5 2. Nf3 d6 3. d4 cxd4 4. Nxd4 Nf6 5. Nc3 a6 6. Bg5 Nbd7 7. f4 e6 8. Bc4
b5 9. Bb3 Bb7 10. a3 Qb6 11. Bxf6 Nxf6 12. Qd3 Be7 13. O-O-O O-O 14. f5 e5 15.
Nde2 Ng4 1/2-1/2

[Event "XXI ABERTO INTERNACIONAL DE XA"]
[Site "Pontevedra"]
[Date "2008.08.15"]
[Round "6.3"]
[White "Ortiz Suarez, Isam"]
[Black "Maleki, Manuel"]
[Result "1-0"]
[WhiteElo "2392"]
[BlackElo "2189"]
[PlyCount "73"]
[EventDate "2008.08.10"]

1. e4 e6 2. d4 d5 3. Nc3 Nf6 4. e5 Nfd7 5. f4 c5 6. Nf3 Nc6 7. Be3 a6 8. Qd2 b5
9. dxc5 Bxc5 10. Ne2 Qb6 11. Bxc5 Nxc5 12. Ned4 O-O 13. Nxc6 Qxc6 14. Nd4 Qb6
15. Qe3 Bb7 16. O-O-O Rfc8 17. Kb1 b4 18. f5 Ne4 19. f6 gxf6 20. Bd3 fxe5 21.
Bxe4 dxe4 22. Qg5+ Kf8 23. Qxe5 Qc5 24. Nxe6+ fxe6 25. Rhf1+ Kg8 26. Rd8+ Rxd8
27. Qxc5 Bd5 28. Qxb4 Rf8 29. Rc1 Rab8 30. Qd6 Rbc8 31. Qg3+ Kh8 32. b3 Rf5 33.
Qd6 e3 34. g4 Rf3 35. c4 Be4+ 36. Ka1 Bg6 37. Qe5+ 1-0

[Event "XXI ABERTO INTERNACIONAL DE XA"]
[Site "Pontevedra"]
[Date "2008.08.15"]
[Round "6.4"]
[White "Rodriguez Lopez, Rafael"]
[Black "Espineira Gonzalez, Diego"]
[Result "1-0"]
[WhiteElo "2312"]
[BlackElo "2267"]
[PlyCount "49"]
[EventDate "2008.08.10"]

1. Nf3 e6 2. c4 Nf6 3. g3 c5 4. Bg2 Nc6 5. O-O Be7 6. d4 cxd4 7. Nxd4 O-O 8.
Nc3 a6 9. b3 Qa5 10. Bb2 Rd8 11. e3 Rb8 12. Re1 Nxd4 13. exd4 d5 14. c5 b6 15.
Na4 bxc5 16. Nxc5 Bxc5 17. dxc5 Qxc5 18. Bxf6 gxf6 19. Qg4+ Kh8 20. Qf4 Bb7 21.
Qxf6+ Kg8 22. Re5 Qc2 23. Rae1 Kf8 24. Rxe6 Qg6 25. Qe7+ 1-0

[Event "XXI ABERTO INTERNACIONAL DE XA"]
[Site "Pontevedra"]
[Date "2008.08.15"]
[Round "6.5"]
[White "Alonso Macias, Victor"]
[Black "Piasetski, Leon"]
[Result "0-1"]
[WhiteElo "1977"]
[BlackElo "2314"]
[PlyCount "104"]
[EventDate "2008.08.10"]

1. e4 c5 2. Nf3 Nc6 3. d4 cxd4 4. Nxd4 Qb6 5. Nb3 Nf6 6. Nc3 e6 7. Be3 Qc7 8.
a3 b6 9. f4 d6 10. Be2 Bb7 11. Bf3 Rd8 12. Qe2 Be7 13. Qc4 Rc8 14. Qe2 a6 15.
Qf2 b5 16. O-O Nd7 17. Rad1 O-O 18. f5 Nde5 19. Qg3 Kh8 20. Bg4 Nxg4 21. Qxg4
Ne5 22. Qh3 exf5 23. Rxf5 g6 24. Rxe5 dxe5 25. Rd7 Bc6 26. Rxc7 Rxc7 27. Bc5
Bxc5+ 28. Nxc5 a5 29. Nd3 Re8 30. Qh4 Kg7 31. Nd5 Bxd5 32. exd5 Rc4 33. Qf2 Rd4
34. d6 f6 35. h3 Rd8 36. Nc5 R8xd6 37. Qe2 Rd2 38. Qxb5 Rxc2 39. Ne4 Rdc6 40.
Nc3 Rd6 41. Qxa5 Rdd2 42. Qa8 f5 43. a4 e4 44. a5 Rxg2+ 45. Kf1 Rcf2+ 46. Ke1
Rxb2 47. Qa7+ Kh6 48. a6 f4 49. Qd4 f3 50. a7 f2+ 51. Qxf2 Rbxf2 52. a8=Q e3
0-1

[Event "XXI ABERTO INTERNACIONAL DE XA"]
[Site "Pontevedra"]
[Date "2008.08.15"]
[Round "6.7"]
[White "Casares Cabanas, Carlos"]
[Black "Rodriguez Calvo, Manoel"]
[Result "1-0"]
[WhiteElo "2203"]
[BlackElo "2167"]
[PlyCount "23"]
[EventDate "2008.08.10"]

1. e4 e5 2. Nf3 Nc6 3. Bc4 Bc5 4. c3 Qe7 5. O-O Nf6 6. d4 Bb6 7. Re1 d6 8. h3
h6 9. a4 O-O 10. d5 Na5 11. Bf1 c5 12. b4 1-0

[Event "XXI ABERTO INTERNACIONAL DE XA"]
[Site "Pontevedra"]
[Date "2008.08.15"]
[Round "6.8"]
[White "Permuy Lorenzo, Carlos Javier"]
[Black "Salgado Gonzalez, Julio"]
[Result "1-0"]
[WhiteElo "2335"]
[BlackElo "1916"]
[PlyCount "83"]
[EventDate "2008.08.10"]

1. f4 Nc6 2. Nf3 Nf6 3. b3 d5 4. Bb2 Bf5 5. e3 a6 6. Be2 h6 7. O-O e6 8. Ne5
Bd6 9. Nxc6 bxc6 10. c4 Qe7 11. Qe1 c5 12. Nc3 c6 13. Na4 Be4 14. Rc1 Rd8 15.
cxd5 cxd5 16. Bxa6 d4 17. Bb5+ Kf8 18. Be2 Bc6 19. exd4 Bxa4 20. bxa4 cxd4 21.
Bxd4 Ba3 22. Qf2 Ne4 23. Qe3 Bxc1 24. Rxc1 Nd6 25. Bb6 Rd7 26. Bb5 Rb7 27. Bc5
Rb8 28. Qe5 Rd8 29. Bxd6 Rxd6 30. Rc8+ Rd8 31. Qb8 Qc5+ 32. Rxc5 Rxb8 33. a5
Ke7 34. Rc7+ Kd6 35. Rd7+ Kc5 36. a4 Rhd8 37. Rc7+ Kb4 38. a6 Rbc8 39. Rxf7
Rxd2 40. h3 Rdc2 41. Rxg7 R2c7 42. Rg6 1-0

[Event "XXI ABERTO INTERNACIONAL DE XA"]
[Site "Pontevedra"]
[Date "2008.08.15"]
[Round "6.9"]
[White "Gil Reguera, Juan Carlos"]
[Black "Portela Gonzalez, Adrian"]
[Result "1-0"]
[WhiteElo "2236"]
[BlackElo "1858"]
[PlyCount "109"]
[EventDate "2008.08.10"]

1. c4 g6 2. g3 Bg7 3. Bg2 c6 4. Nc3 Nf6 5. e4 d6 6. Nge2 O-O 7. O-O Be6 8. d3
Na6 9. h3 Nc7 10. f4 d5 11. cxd5 cxd5 12. e5 Nfe8 13. d4 f5 14. Be3 Na6 15. Qb3
Nec7 16. Rac1 Qd7 17. Rc2 Rfd8 18. Rfc1 Ne8 19. Nb5 Bf7 20. Nec3 Nac7 21. Nxc7
Nxc7 22. Na4 Na6 23. Nc5 Nxc5 24. Rxc5 b6 25. Rc7 Qe8 26. Bf1 Rdc8 27. Ba6 Rxc7
28. Rxc7 Qd8 29. Qc2 Be8 30. Bb7 Rb8 31. Bc6 a5 32. Bxe8 Qxe8 33. Qc6 Qxc6 34.
Rxc6 Rb7 35. g4 Bf8 36. Kf1 Kg7 37. Ke2 fxg4 38. hxg4 Kf7 39. f5 b5 40. Bg5
gxf5 41. gxf5 a4 42. e6+ Kg7 43. Rc5 h6 44. Bh4 b4 45. Rxd5 Rb8 46. Kd3 b3 47.
a3 Rc8 48. Rc5 Ra8 49. Kc4 h5 50. Kb4 Rd8 51. d5 Rb8+ 52. Kxa4 Kh6 53. Rb5 Rxb5
54. Kxb5 Bg7 55. f6 1-0

[Event "XXI ABERTO INTERNACIONAL DE XA"]
[Site "Pontevedra"]
[Date "2008.08.15"]
[Round "6.10"]
[White "Stanoev, Atanas"]
[Black "Montero Garcia, Fco  Javier"]
[Result "1-0"]
[WhiteElo "2198"]
[BlackElo "1870"]
[PlyCount "77"]
[EventDate "2008.08.10"]

1. d4 Nf6 2. c4 g6 3. Nc3 Bg7 4. e4 O-O 5. f3 d6 6. Be3 e5 7. d5 a5 8. Bd3 Na6
9. Nge2 Ne8 10. g4 f5 11. gxf5 gxf5 12. exf5 Bxf5 13. Ne4 Nf6 14. N2g3 Bg6 15.
Ng5 Qe8 16. Be4 Nxe4 17. fxe4 Nc5 18. Qe2 h6 19. Bxc5 dxc5 20. Ne6 Rf7 21.
O-O-O Qa4 22. Kb1 b5 23. cxb5 Rb8 24. Nxc5 Qxb5 25. Qxb5 Rxb5 26. Nd3 h5 27.
Rhf1 h4 28. Rxf7 Bxf7 29. Nf5 Bf6 30. Nh6+ Kf8 31. Nxf7 Kxf7 32. Rc1 Rb7 33.
Rc6 Ke7 34. Kc2 Bg7 35. Nc5 Rb4 36. Rxc7+ Kf6 37. Rc6+ Ke7 38. a3 Rd4 39. Ne6
1-0

[Event "XXI ABERTO INTERNACIONAL DE XA"]
[Site "Pontevedra"]
[Date "2008.08.16"]
[Round "7.3"]
[White "Lestao Balseiro, Adrian"]
[Black "Rivera, Daniel"]
[Result "1/2-1/2"]
[WhiteElo "2202"]
[BlackElo "2322"]
[PlyCount "43"]
[EventDate "2008.08.10"]

1. e4 c5 2. Nf3 e6 3. d4 cxd4 4. Nxd4 Nf6 5. Nc3 Nc6 6. Nxc6 bxc6 7. e5 Nd5 8.
Ne4 Qa5+ 9. c3 Qc7 10. f4 Qb6 11. a3 Ne3 12. Qd2 Nxf1 13. Rxf1 Ba6 14. Rf2 d5
15. exd6 O-O-O 16. c4 Bxc4 17. Qc3 Bd5 18. Be3 Qb8 19. Qd4 Qb6 20. Qc3 Qb8 21.
Qd4 Qb6 22. Qc3 1/2-1/2

[Event "XXI ABERTO INTERNACIONAL DE XA"]
[Site "Pontevedra"]
[Date "2008.08.16"]
[Round "7.4"]
[White "Piasetski, Leon"]
[Black "Rodriguez Lopez, Rafael"]
[Result "0-1"]
[WhiteElo "2314"]
[BlackElo "2312"]
[PlyCount "64"]
[EventDate "2008.08.10"]

1. d4 d5 2. Nf3 e6 3. c4 c6 4. Nbd2 Nf6 5. g3 Be7 6. Bg2 O-O 7. O-O b6 8. Qc2
Bb7 9. b3 Nbd7 10. Bb2 c5 11. Rac1 Rc8 12. Qb1 dxc4 13. Nxc4 b5 14. Ncd2 Qb6
15. e3 h6 16. dxc5 Nxc5 17. Bd4 Qa6 18. Ne5 Bxg2 19. Kxg2 Qb7+ 20. f3 Rfd8 21.
Rc2 Bd6 22. Rfc1 Bxe5 23. Bxe5 Ncd7 24. Bd4 Rxc2 25. Qxc2 e5 26. Bb2 Nc5 27.
Bxe5 Ng4 28. Bf4 Nd3 29. Nf1 Nxc1 30. Qxc1 Nf6 31. e4 Rc8 32. Qb2 Nxe4 0-1

[Event "XXI ABERTO INTERNACIONAL DE XA"]
[Site "Pontevedra"]
[Date "2008.08.16"]
[Round "7.5"]
[White "Casares Cabanas, Carlos"]
[Black "Permuy Lorenzo, Carlos Javier"]
[Result "1/2-1/2"]
[WhiteElo "2203"]
[BlackElo "2335"]
[PlyCount "77"]
[EventDate "2008.08.10"]

1. e4 c5 2. Nf3 Nc6 3. d4 cxd4 4. Nxd4 g6 5. c4 Nf6 6. Nc3 Nxd4 7. Qxd4 d6 8.
Bg5 Bg7 9. f3 Qa5 10. Qd2 Be6 11. Nd5 Qxd2+ 12. Kxd2 Nxd5 13. cxd5 Bd7 14. Rc1
Bxb2 15. Rb1 Bd4 16. Rxb7 Bb6 17. Be3 f5 18. Bxb6 axb6 19. Bc4 b5 20. Bb3 O-O-O
21. Ra7 Kb8 22. Ra3 fxe4 23. fxe4 Rhf8 24. Re1 Rf2+ 25. Re2 Rxe2+ 26. Kxe2 Kb7
27. Bc2 Kb6 28. h3 Rf8 29. Bd3 g5 30. Rb3 Ra8 31. Bb1 Ra7 32. Ke3 h6 33. a3 Ka5
34. Rc3 Kb6 35. Bc2 Ra8 36. Bd1 Rg8 37. Be2 Rf8 38. Rc1 Ra8 39. Rc3 1/2-1/2

[Event "XXI ABERTO INTERNACIONAL DE XA"]
[Site "Pontevedra"]
[Date "2008.08.16"]
[Round "7.7"]
[White "Maleki, Manuel"]
[Black "Carrera Perez, Francisco"]
[Result "1/2-1/2"]
[WhiteElo "2189"]
[BlackElo "2266"]
[PlyCount "86"]
[EventDate "2008.08.10"]

1. Nf3 b6 2. g3 Bb7 3. Bg2 e5 4. c4 g6 5. O-O Bg7 6. Nc3 Ne7 7. d3 O-O 8. Qc2
Nbc6 9. a3 d5 10. cxd5 Nxd5 11. Bd2 Re8 12. Rac1 Nxc3 13. Bxc3 Qd7 14. b4 Rac8
15. Rfd1 Ba8 16. e3 h6 17. Qb2 a6 18. Qb3 Na7 19. Qb2 Qd5 20. Ne1 Qd6 21. Bxa8
Rxa8 22. f4 Nb5 23. fxe5 Bxe5 24. Bxe5 Rxe5 25. a4 Na7 26. Ng2 Rae8 27. Rc4 b5
28. axb5 Nxb5 29. Qc1 Qb6 30. Rc6 Qa7 31. Rf1 R5e6 32. Qc4 R8e7 33. Rxe6 Rxe6
34. Qf4 Nd6 35. Qxh6 c5 36. Nf4 Nf5 37. Qg5 Rxe3 38. Nxg6 cxb4 39. Nf4+ Ng7 40.
Kg2 Qb7+ 41. Kg1 Qb6 42. Kg2 Qc6+ 43. Kg1 Qb6 1/2-1/2

[Event "XXI ABERTO INTERNACIONAL DE XA"]
[Site "Pontevedra"]
[Date "2008.08.16"]
[Round "7.8"]
[White "Diaz Nunez, Adolfo"]
[Black "Santaclara Rodriguez, Ramon"]
[Result "1-0"]
[WhiteElo "2251"]
[BlackElo "2154"]
[PlyCount "91"]
[EventDate "2008.08.10"]

1. Nf3 c5 2. c4 Nc6 3. Nc3 g6 4. e3 Nf6 5. d4 cxd4 6. exd4 d6 7. d5 Nb8 8. Be2
Bg7 9. O-O O-O 10. Be3 a5 11. b3 Na6 12. Rc1 Nc5 13. Re1 Re8 14. Nd4 Nfe4 15.
Nxe4 Nxe4 16. a3 Bd7 17. Bf3 Nc5 18. a4 Bf6 19. h3 Qb6 20. Rb1 Qd8 21. Bg4 Qc8
22. Nb5 h5 23. Bxd7 Qxd7 24. Bxc5 dxc5 25. Qf3 Bg7 26. Re4 e5 27. dxe6 Rxe6 28.
Rxe6 fxe6 29. Rd1 Qe7 30. Qe4 Qf6 31. Nc7 Rd8 32. Rxd8+ Qxd8 33. Qxe6+ Kh7 34.
Nd5 Qg5 35. Qe3 Qf5 36. Ne7 Qc2 37. g3 Bd4 38. Qf3 Kg7 39. h4 Qd2 40. Nd5 Qe1+
41. Kg2 Qe6 42. Nf4 Qe7 43. Qd5 Kh7 44. Ne6 Qf6 45. Qxb7+ Kh6 46. Nxd4 1-0

[Event "XXI ABERTO INTERNACIONAL DE XA"]
[Site "Pontevedra"]
[Date "2008.08.16"]
[Round "7.9"]
[White "Garcia Iturriaga, Manuel"]
[Black "Gil Reguera, Juan Carlos"]
[Result "1/2-1/2"]
[WhiteElo "1933"]
[BlackElo "2236"]
[PlyCount "36"]
[EventDate "2008.08.10"]

1. f4 c5 2. e3 Nf6 3. Nf3 e6 4. Be2 Be7 5. b3 d6 6. Bb2 Nbd7 7. O-O b6 8. Qe1
Bb7 9. Nc3 a6 10. d3 Qc7 11. e4 O-O-O 12. Nd1 Rhg8 13. b4 d5 14. e5 Nh5 15. Ng5
Nxf4 16. Nxf7 Nxe2+ 17. Qxe2 Rdf8 18. Qh5 h6 1/2-1/2

[Event "XXI ABERTO INTERNACIONAL DE XA"]
[Site "Pontevedra"]
[Date "2008.08.16"]
[Round "7.10"]
[White "Villar Perez, Samuel"]
[Black "Stanoev, Atanas"]
[Result "0-1"]
[WhiteElo "1937"]
[BlackElo "2198"]
[PlyCount "86"]
[EventDate "2008.08.10"]

1. d4 Nf6 2. Nf3 g6 3. c4 Bg7 4. Nc3 O-O 5. g3 d6 6. Bg2 Nbd7 7. O-O e5 8. e4
c6 9. b3 Re8 10. Re1 exd4 11. Nxd4 Nc5 12. Bb2 Ng4 13. Qd2 Ne5 14. Re3 Qb6 15.
Bf1 a5 16. Rb1 a4 17. Ba1 axb3 18. axb3 Bh6 19. f4 Ng4 20. Ree1 Rxa1 21. Rxa1
Nxb3 22. Qd3 Nxd4 23. Kg2 Nf5 24. Nd1 Nd4 25. h3 Nf6 26. Nc3 Ne6 27. e5 dxe5
28. fxe5 Nh5 29. Kh2 Qf2+ 30. Bg2 Rd8 31. Qf3 Qxf3 32. Bxf3 Nd4 33. Bxh5 gxh5
34. Red1 Be6 35. Ne4 Bg7 36. Nf6+ Bxf6 37. exf6 c5 38. Rac1 h6 39. Kg2 Kh7 40.
Rf1 Kg6 41. Rf2 Nc6 42. Rb2 Nb4 43. Rf2 Nd3 0-1

[Event "XXI ABERTO INTERNACIONAL DE XA"]
[Site "Pontevedra"]
[Date "2008.08.17"]
[Round "8.1"]
[White "Ortiz Suarez, Isam"]
[Black "Rusev, Krasimir"]
[Result "1/2-1/2"]
[WhiteElo "2392"]
[BlackElo "2508"]
[PlyCount "86"]
[EventDate "2008.08.10"]

1. e4 e6 2. d4 d5 3. Nc3 Bb4 4. e5 c5 5. a3 Bxc3+ 6. bxc3 Ne7 7. Qg4 O-O 8. Bd3
Nbc6 9. Bg5 Qa5 10. Ne2 Ng6 11. h4 Nxd4 12. Qg3 Nxe2 13. Bxe2 Nxe5 14. Qxe5 f6
15. Qg3 fxg5 16. hxg5 g6 17. Bg4 e5 18. Qh3 Qc7 19. O-O-O Bxg4 20. Qxg4 Qf7 21.
Rh6 Qxf2 22. Qe6+ Qf7 23. Qxe5 Rae8 24. Qxd5 b6 25. Rh3 Qxd5 26. Rxd5 Rf1+ 27.
Kb2 Re7 28. Rhd3 Kg7 29. a4 Rf2 30. g3 h6 31. gxh6+ Kxh6 32. g4 Ree2 33. Rh3+
Kg7 34. Rd7+ Kf6 35. Kb3 Kg5 36. Rxa7 Rxc2 37. Re3 Ra2 38. Re6 Rfb2+ 39. Kc4
Ra3 40. Ra6 Rxa4+ 41. Rxa4 b5+ 42. Kxc5 bxa4 43. Ra6 Ra2 1/2-1/2

[Event "XXI ABERTO INTERNACIONAL DE XA"]
[Site "Pontevedra"]
[Date "2008.08.17"]
[Round "8.2"]
[White "Rodriguez Lopez, Rafael"]
[Black "Spassov, Liuben"]
[Result "1/2-1/2"]
[WhiteElo "2312"]
[BlackElo "2428"]
[PlyCount "32"]
[EventDate "2008.08.10"]

1. d4 Nf6 2. Nf3 e6 3. c4 Bb4+ 4. Nbd2 b6 5. a3 Bxd2+ 6. Bxd2 Bb7 7. e3 d6 8.
Be2 Nbd7 9. O-O O-O 10. b4 Ne4 11. Be1 c5 12. Rc1 f5 13. Qb3 Qc7 14. Nd2 Nef6
15. f3 e5 16. Bf2 Rae8 1/2-1/2

[Event "XXI ABERTO INTERNACIONAL DE XA"]
[Site "Pontevedra"]
[Date "2008.08.17"]
[Round "8.4"]
[White "Rivera, Daniel"]
[Black "Casares Cabanas, Carlos"]
[Result "1-0"]
[WhiteElo "2322"]
[BlackElo "2203"]
[PlyCount "87"]
[EventDate "2008.08.10"]

1. e4 c5 2. Nf3 d6 3. d4 cxd4 4. Nxd4 Nf6 5. Nc3 a6 6. Be2 e6 7. O-O Qc7 8. a4
Nc6 9. Be3 Be7 10. Kh1 O-O 11. f4 Re8 12. Bf3 Bf8 13. Nb3 b6 14. a5 bxa5 15. e5
dxe5 16. fxe5 Rd8 17. Nd4 Nxd4 18. Bxa8 Qxe5 19. Bg1 Be7 20. Nd5 Nxd5 21. Bxd4
Qb8 22. Qf3 f6 23. Bc6 Nb4 24. Bc3 Qc7 25. Be4 f5 26. Bd3 Rd5 27. Rfd1 Nxd3 28.
Rxd3 Rxd3 29. Qxd3 Bb7 30. Rd1 Qc6 31. Qg3 g6 32. Rd2 Qa4 33. b3 Qe4 34. Qe5
Qxe5 35. Bxe5 Bc6 36. Rd4 Kf7 37. Rc4 Be4 38. Rc7 Ke8 39. c4 g5 40. c5 f4 41.
c6 Bc5 42. h3 Kd8 43. Rd7+ Kc8 44. Rb7 1-0

[Event "XXI ABERTO INTERNACIONAL DE XA"]
[Site "Pontevedra"]
[Date "2008.08.17"]
[Round "8.6"]
[White "Carrera Perez, Francisco"]
[Black "Lestao Balseiro, Adrian"]
[Result "1/2-1/2"]
[WhiteElo "2266"]
[BlackElo "2202"]
[PlyCount "103"]
[EventDate "2008.08.10"]

1. b3 Nf6 2. Bb2 g6 3. Bxf6 exf6 4. d4 Bg7 5. e3 O-O 6. g3 d6 7. Bg2 Nd7 8. Ne2
Re8 9. c4 Nf8 10. Nbc3 Rb8 11. O-O h5 12. b4 Be6 13. Qd3 h4 14. a4 hxg3 15.
fxg3 Nh7 16. a5 Bf5 17. e4 Bd7 18. b5 f5 19. a6 b6 20. exf5 Bxf5 21. Qd2 Ng5
22. Rae1 Bg4 23. Nd5 Bxe2 24. Rxe2 Rxe2 25. Qxe2 Ne6 26. h4 Bxd4+ 27. Kh2 Be5
28. Qg4 Ng7 29. Nf4 Bxf4 30. Qxf4 Qe7 31. Bd5 Ne6 32. Qg4 Kg7 33. Re1 Re8 34.
h5 Qf6 35. Kg1 Kh6 36. Rf1 Qg7 37. Bxe6 Rxe6 38. Qf4+ Kh7 39. Qxf7 Re7 40.
hxg6+ Kh6 41. Qf4+ Kxg6 42. Qg4+ Kh7 43. Qh4+ Kg8 44. Rf4 Qh8 45. Kg2 Qb2+ 46.
Rf2 Qe5 47. Qh6 Qe4+ 48. Kg1 Rg7 49. Qh3 Qe1+ 50. Kg2 Qe4+ 51. Kg1 Qe1+ 52. Kg2
1/2-1/2

[Event "XXI ABERTO INTERNACIONAL DE XA"]
[Site "Pontevedra"]
[Date "2008.08.17"]
[Round "8.7"]
[White "Permuy Lorenzo, Carlos Javier"]
[Black "Carrasco Solla, Andres"]
[Result "1-0"]
[WhiteElo "2335"]
[BlackElo "1972"]
[PlyCount "71"]
[EventDate "2008.08.10"]

1. c4 e5 2. Nc3 Nc6 3. g3 g6 4. Bg2 Bg7 5. Rb1 d6 6. b4 f5 7. Qa4 Qd7 8. Nd5
Nf6 9. b5 Nd8 10. Qa5 Nxd5 11. cxd5 O-O 12. Bb2 b6 13. Qb4 f4 14. Rc1 Nb7 15.
Nf3 h6 16. Qc4 fxg3 17. hxg3 Nc5 18. d4 e4 19. Nd2 e3 20. fxe3 Qg4 21. Kd1 Qxg3
22. Bf3 a6 23. dxc5 Bxb2 24. Rb1 axb5 25. Qb3 Bg7 26. c6 Bg4 27. Nf1 Qe5 28.
Bxg4 Qe4 29. Be6+ Kh7 30. Rg1 Ra3 31. Qxa3 Qxb1+ 32. Qc1 Qxa2 33. Nd2 Qa4+ 34.
Qc2 Qa1+ 35. Qb1 Qf6 36. Nf3 1-0

[Event "XXI ABERTO INTERNACIONAL DE XA"]
[Site "Pontevedra"]
[Date "2008.08.17"]
[Round "8.8"]
[White "Fernandez De Pablo, Miguel A"]
[Black "Piasetski, Leon"]
[Result "1-0"]
[WhiteElo "2232"]
[BlackElo "2314"]
[PlyCount "61"]
[EventDate "2008.08.10"]

1. e4 d6 2. d4 g6 3. c4 e5 4. d5 Bg7 5. Nc3 a5 6. g4 Na6 7. Be3 Nf6 8. f3 h5 9.
g5 Nh7 10. Qd2 O-O 11. O-O-O f6 12. gxf6 Rxf6 13. Be2 Bd7 14. h4 Qe7 15. Nh3
Raf8 16. Ng5 Rf4 17. Ne6 Bxe6 18. dxe6 Qxe6 19. Bxf4 exf4 20. Qd5 Nc5 21. Rhg1
Kf7 22. Nb5 Qxd5 23. exd5 Re8 24. Bd3 Nxd3+ 25. Rxd3 Re2 26. Rd2 Re3 27. Nxc7
Rxf3 28. c5 dxc5 29. d6 Be5 30. d7 Ke7 31. Nd5+ 1-0

[Event "XXI ABERTO INTERNACIONAL DE XA"]
[Site "Pontevedra"]
[Date "2008.08.17"]
[Round "8.10"]
[White "Rodriguez Calvo, Manoel"]
[Black "Garcia Iturriaga, Manuel"]
[Result "1-0"]
[WhiteElo "2167"]
[BlackElo "1933"]
[PlyCount "119"]
[EventDate "2008.08.10"]

1. e4 d5 2. exd5 Qxd5 3. Nc3 Qa5 4. d4 c6 5. Nf3 Bg4 6. h3 Bh5 7. Be2 e6 8. Bf4
Nf6 9. O-O Bb4 10. Nb1 O-O 11. c3 Be7 12. Nbd2 Bg6 13. Nc4 Qd8 14. Qb3 Nd5 15.
Bh2 Nb6 16. Nce5 N8d7 17. Nxg6 hxg6 18. Rad1 Nf6 19. Rfe1 Qd5 20. c4 Qd7 21. a4
Bd6 22. Ne5 Qc8 23. c5 Bxe5 24. dxe5 Nfd5 25. cxb6 Nxb6 26. Bf3 Nd5 27. Bxd5
cxd5 28. Rc1 Qd7 29. Qb5 Qe7 30. Qc5 Qd7 31. b3 Rfc8 32. Qd4 Rxc1 33. Rxc1 Rc8
34. Rxc8+ Qxc8 35. Bf4 b6 36. Qd2 Qc5 37. Be3 Qa3 38. Qc3 Qa2 39. Bd4 Qb1+ 40.
Kh2 Qe4 41. Qe3 Qc2 42. g3 Qa2 43. h4 Qa3 44. Qc3 Qe7 45. b4 g5 46. hxg5 Qxg5
47. a5 bxa5 48. bxa5 Qe7 49. Qc5 Qxc5 50. Bxc5 a6 51. Kg2 f6 52. f4 Kf7 53. Kf3
g5 54. Bd4 gxf4 55. exf6 fxg3 56. Kxg3 Kg6 57. Kf4 Kf7 58. Ke5 Kf8 59. Kxe6 Kg8
60. f7+ 1-0

[Event "XXI ABERTO INTERNACIONAL DE XA"]
[Site "Pontevedra"]
[Date "2008.08.18"]
[Round "9.1"]
[White "Rusev, Krasimir"]
[Black "Rodriguez Lopez, Rafael"]
[Result "1-0"]
[WhiteElo "2508"]
[BlackElo "2312"]
[PlyCount "49"]
[EventDate "2008.08.10"]

1. d4 Nf6 2. c4 g6 3. Nc3 d5 4. Nf3 Bg7 5. Qb3 dxc4 6. Qxc4 O-O 7. e4 Nc6 8.
Be2 Nd7 9. Be3 Nb6 10. Qc5 f5 11. O-O-O f4 12. d5 fxe3 13. dxc6 Qe8 14. Bb5 Qf7
15. Ng5 Qxf2 16. Rhf1 Qxg2 17. Bc4+ e6 18. Qe7 Bd7 19. Rg1 Qf2 20. cxd7 Nxc4
21. Qxe6+ Kh8 22. Qxc4 Bh6 23. Kb1 Bxg5 24. Rxg5 Qf6 25. Rg3 1-0